000 00469nam a2200145 4500
008 030114s1951 us eng
090 0 _aBS1225.3
_bAl5
100 1 _aAllis, Oswald Thompson
245 1 0 _aGod spake by Moses :
_ban exposition of the Pentateuch /
_cOswald Thompson Allis.
260 _aMichigan :
_bBaker,
_cc1951.
300 _a159 p.
650 4 _aBible. O.T. Pentateuch.
950 0 _2.00
951 _p5650
_oBS1225.3/Al5
_j070613111208640
_d2000-12-21
_cGC
999 _c14083
_d14083